15 ciudades más grandes de Escandinavia - Estadísticas

Estadísticas generales
  • Esta prueba ha sido intentada 35 veces
  • La puntuación promedio es 8 de 15
Respuestas en el mapa
Las respuestas están codificadas por una escala verde-roja en el mapa de la prueba según el % correcto abajo.
 
Estadísticas de respuestas
Pais Ciudad Población % Correcto
Dinamarca Copenhague 1,4 million
100%
Suecia Estocolmo 1 million
100%
Noruega Oslo 720k
100%
Suecia Malmö 360k
87%
Suecia Gotemburgo 600k
70%
Noruega Bergen 230k
63%
Noruega Trondheim 210k
60%
Dinamarca Aarhus 300k
53%
Dinamarca Odense 185k
37%
Suecia Uppsala 250k
37%
Noruega Stavanger 150k
33%
Suecia Linköping 170k
27%
Suecia Örebro 160k
27%
Suecia Helsingborg 150k
23%
Suecia Västerås 160k
23%
No se encontraron pruebas coincidentes
Distribución de puntuación
Porcentaje de gente con cada puntuación
Porcentaje por número respondido
Historial de tus puntuaciones
No has intentado esta prueba.